Steden van Vlaanderen (+ Hoofdstedelijk Gewest) - Statistics

General Stats
  • This quiz has been taken 92 times
  • The average score is 34 of 66
Answers on the Map
Answers color-coded by a green-red scale on the quiz's map according to % correct below.
 
Answer Stats
group answer % Correct
West-Vlaanderen Brugge | Bruges | Brügge
95%
Oost-Vlaanderen Gent | Gand | Ghent | Gaunt
95%
Antwerpen Antwerpen | Anvers | Antwerp
93%
West-Vlaanderen Oostende | Ostende | Ostend
92%
Brussel Brussel | Bruxelles | Brüssel | Brussels
86%
Limburg Hasselt
85%
Vlaams-Brabant Leuven | Louvain | Löwen
85%
Limburg Genk
82%
West-Vlaanderen Kortrijk | Courtrai | Cortrick | Courtray
82%
West-Vlaanderen Ieper | Ypres | Ypern
81%
Antwerpen Mechelen | Malines | Mecheln | Mechlin
81%
Oost-Vlaanderen Aalst | Alost
73%
West-Vlaanderen Roeselare | Roulers
71%
Oost-Vlaanderen Sint-Niklaas | Saint-Nicolas
70%
West-Vlaanderen Blankenberge | Blankenberghe
66%
Limburg Sint-Truiden | Saint-Trond
62%
West-Vlaanderen Veurne | Furnes
62%
West-Vlaanderen Waregem
59%
Oost-Vlaanderen Dendermonde | Termonde
58%
Antwerpen Turnhout
58%
Oost-Vlaanderen Lokeren | Locres
55%
West-Vlaanderen Poperinge | Poperinghe | Poperingue
55%
Oost-Vlaanderen Deinze | Deynse
53%
West-Vlaanderen Diksmuide | Dixmude
53%
Antwerpen Geel
53%
Antwerpen Lier | Lierre
53%
Oost-Vlaanderen Ninove
53%
Limburg Tongeren-Borgloon | Tongres-Looz | Tongern-Borgloon
53%
West-Vlaanderen Nieuwpoort
52%
Oost-Vlaanderen Oudenaarde | Audenarde
52%
Vlaams-Brabant Diest
51%
Oost-Vlaanderen Eeklo
51%
Vlaams-Brabant Tienen | Tirlemont
51%
Vlaams-Brabant Vilvoorde | Vilvorde
51%
Oost-Vlaanderen Ronse | Renaix
49%
Vlaams-Brabant Aarschot | Aerschot
47%
Vlaams-Brabant Halle | Hal
47%
Limburg Lommel
45%
West-Vlaanderen Damme
44%
Limburg Maaseik | Maeseyck | Maeseyk
44%
Antwerpen Herentals
42%
Oost-Vlaanderen Zottegem
42%
Oost-Vlaanderen Geraardsbergen | Grammont | Gerhardsbergen
41%
West-Vlaanderen Menen | Menin
41%
West-Vlaanderen Tielt | Thielt
41%
Limburg Bree | Brée
40%
Antwerpen Hoogstraten
40%
West-Vlaanderen Izegem | Iseghem
38%
West-Vlaanderen Torhout | Thourout
37%
West-Vlaanderen Harelbeke
36%
Limburg Peer
34%
West-Vlaanderen Gistel | Ghistelles
33%
Limburg Beringen | Béringue
32%
Vlaams-Brabant Landen
32%
Antwerpen Mortsel
30%
Limburg Hamont-Achel
29%
West-Vlaanderen Lo-Reninge
27%
Vlaams-Brabant Scherpenheuvel-Zichem | Montaigu-Zichem
27%
West-Vlaanderen Wervik | Wervicq
27%
West-Vlaanderen Oudenburg | Audembourg
26%
West-Vlaanderen Mesen | Messines
25%
Vlaams-Brabant Zoutleeuw | Léau
25%
Limburg Dilsen-Stokkem | Dilsen-Stockem | Dilsen-Stockheim
23%
Limburg Herk-de-Stad | Herck-la-Ville
22%
Limburg Halen | Haelen
19%
Limburg Bilzen-Hoeselt | Bilsen-Hoeselt
12%
No matching quizzes found
Score Distribution
Percent of People with Each Score
Percentile by Number Answered
Your Score History
You have not taken this quiz